| 000 | 00000nas##2200000za#4500 |
| 001 | 9.507815 |
| 003 | CaOODSP |
| 005 | 20200427130734 |
| 007 | cr ||||||||||| |
| 008 | 150406c2011||||xxc|| p o||||f| |0eng|d |
| 040 | |aCaOODSP|beng |
| 043 | |an-cn--- |
| 086 | 1 |aR61-97E-PDF |
| 110 | 2 |aParks Canada. |
| 245 | 10|aReport on research and monitoring in Wapusk National Park |h[electronic resource] |
| 260 | |aOttawa - Ontario : |bParks Canada |
| 310 | |aAnnual |
| 362 | 1 |a2011-2012 -- |
| 775 | 08|tRapport de recherche et de surveillance dans le parc national Wapusk |w(CaOODSP)9.504195 |
| 780 | 00|tAnnual report of research and monitoring in Wapusk National Park |w(CaOODSP)9.507593 |